00387 2200157 4500001002100000005001500021035002000036245004300056100001400099300002800113260003200141082000800173084001400181020002200195990001200217INLIS00000000000305320250919084211 a0010-09250004001 aGeografi Kelas X ( KTSP ) /cNursyaban0 aNursyaban a186 hlm ;c17,5 x 25 cm aSidoarjo :bMasmedia,c2012 a900 a900 NUR g a978-602-232-119-4 a0755582